Spherical astronomy /

Bibliographic Details
Main Author: Woolard, Edgar W. (Edgar William), 1899-
Other Authors: Clemence, Gerald M. (Gerald Maurice), 1908-
Format: Book
Language:English
Published: New York : Academic Press, 1966.
Subjects:

MARC

Tag First Indicator Second Indicator Subfields
LEADER 00000cam a2200000 4500
001 in00000050299
005 20151007065846.0
008 730105s1966 nyu 00000 eng u
010 |a  65026416  
035 |a (OCoLC)00529972 
035 |9 AAE2835AM 
040 |c WSU  |d TXA  |d UtOrBLW 
049 |a TXAM  |c [476878] 
050 0 0 |a QB145  |b .W83 1966 
082 0 |a 522.7 
092 |a 522.7  |b W913s, 1966 
100 1 |a Woolard, Edgar W.  |q (Edgar William),  |d 1899- 
245 1 0 |a Spherical astronomy /  |c [by] Edgar W. Woolard [and] Gerald M. Clemence. 
264 1 |a New York :  |b Academic Press,  |c 1966. 
300 |a xiii, 453 pages :  |b illustrations ;  |c 24 cm. 
336 |a text  |b txt  |2 rdacontent 
337 |a unmediated  |b n  |2 rdamedia 
338 |a volume  |b nc  |2 rdacarrier 
650 0 |a Spherical astronomy. 
700 1 |a Clemence, Gerald M.  |q (Gerald Maurice),  |d 1908- 
999 |a MARS 
999 f f |s 99cffa0a-212d-37c7-992b-06dfb4669296  |i 2abc7195-f220-392c-bd03-eecadb609930  |t 0 
952 f f |p normal  |a Texas A&M University  |b Galveston Campus  |c Jack K. Williams Library  |d Galveston Stacks  |t 0  |e QB145 .W83  |h Library of Congress classification  |i unmediated -- volume  |m 33620000571592 
952 f f |p normal  |a Texas A&M University  |b College Station  |c Sterling C. Evans Library  |d Evans: Library Stacks  |t 0  |e QB145 .W83 1966  |h Library of Congress classification  |i unmediated -- volume  |m A14800899529 
998 f f |a QB145 .W83 1966  |t 0  |l Evans: Library Stacks 
998 f f |a QB145 .W83  |t 0  |l Galveston Stacks